书目信息 |
| 题名: |
毕加索生平与作品鉴赏
|
|
| 作者: | 王静 , 紫都 编撰 ;傅新阳 , 岳鑫 图片 | |
| 分册: | 下 | |
| 出版信息: | 呼和浩特 远方出版社 2005 |
|
| 页数: | 218-452页 | |
| 开本: | 20cm | |
| 丛书名: | 世界绘画摄影大师画传 | |
| 单 册: | ||
| 中图分类: | K835.515.72 | |
| 科图分类: | ||
| 主题词: | ||
| 电子资源: | ||
| ISBN: | 7-80723-012-6 | |
| 000 | 01067nam 2200289 450 | |
| 001 | 0123456251322 | |
| 005 | 20070730112334.42 | |
| 010 | @a7-80723-012-6@dCNY25.00 | |
| 100 | @a20050408d2005 em y0chiy0110 ea | |
| 101 | 0 | @achi |
| 102 | @aCN@b150000 | |
| 105 | @aa z 000yb | |
| 200 | 1 | @a毕加索生平与作品鉴赏@Abi jia suo sheng ping yu zuo pin jian shang@h下@f编撰紫都, 王静@g图片傅新阳, 岳鑫 |
| 210 | @a呼和浩特@c远方出版社@d2005 | |
| 215 | @a218-452页@c图@d20cm | |
| 225 | 2 | @a世界绘画摄影大师画传@Ashi jie hui hua she ying da shi hua zhuan |
| 330 | @a本书的内容包括: 20世纪最伟大的画家——毕加索的生平与艺术 ; 毕加索版画精选 ; 毕加索年表。 | |
| 410 | 0 | @12001 @a世界绘画摄影大师画传 |
| 600 | 1 | @a毕加索,@Abi jia suo@bP. R.,@f1881-1973@x生平事迹 |
| 600 | 1 | @a毕加索,@Abi jia suo@bP. R.,@f1881-1973@x美术批评 |
| 690 | @aK835.515.72@v4 | |
| 701 | 0 | @a王静@Awang jing@4编撰 |
| 701 | 0 | @a紫都@Azi du@4编撰 |
| 702 | 0 | @a傅新阳@Afu xin yang@4图片 |
| 702 | 0 | @a岳鑫@Ayue xin@4图片 |
| 801 | 0 | @aCN@bWHC@c20070730 |
| 905 | @a10447@dK835.515.72@e609:2 | |
| 毕加索生平与作品鉴赏.下/编撰紫都, 王静/图片傅新阳, 岳鑫.-呼和浩特:远方出版社,2005 |
| 218-452页:图;20cm.-(世界绘画摄影大师画传) |
| ISBN 7-80723-012-6:CNY25.00 |
| 本书的内容包括: 20世纪最伟大的画家——毕加索的生平与艺术 ; 毕加索版画精选 ; 毕加索年表。 |
| ● |
| 相关链接 |
|
|
|
|
正题名:毕加索生平与作品鉴赏
索取号:K835.515.72/609:2
 
预约/预借
| 序号 | 登录号 | 条形码 | 馆藏地/架位号 | 状态 | 备注 |
| 1 | 0789065 | 207890656 | 第二样本阅览室/ [索取号:K835.515.72/609:2] | 在馆 | |
| 2 | 0789066 | 207890665 | 第二借阅区/ [索取号:K835.515.72/609:2] | 在馆 | |
| 3 | 0789067 | 207890674 | 第二借阅区/ [索取号:K835.515.72/609:2] | 在馆 | |
| 4 | 0789068 | 207890683 | 密集书库/ [索取号:K835.515.72/609:2] | 在馆 | |
| 5 | 0789069 | 207890692 | 密集书库/ [索取号:K835.515.72/609:2] | 在馆 |